Física conceptual: 1er Año de educación media
Guardat en:
| Autor principal: | |
|---|---|
| Format: | Llibre |
| Idioma: | espanyol |
| Publicat: |
Santiago
Pearson Educación
2000
|
| Matèries: | |
| Etiquetes: |
Afegir etiqueta
Sense etiquetes, Sigues el primer a etiquetar aquest registre!
|
MARC
| LEADER | 00000nam a2200000 a 4500 | ||
|---|---|---|---|
| 001 | UCN8193 | ||
| 003 | CL-VaPUC | ||
| 008 | 011109e20000000CL |||||||||||||||||spa|d | ||
| 082 | 0 | 4 | |a 530.0712 |b HEW |2 21 |
| 100 | |a Hewitt, Paul G |e author |9 529586 | ||
| 245 | 1 | 0 | |a Física conceptual: 1er Año de educación media |
| 300 | |a 176 p | ||
| 942 | |c BK | ||
| 945 | |d 20011109 00:00:00 |a cmena | ||
| 260 | |a Santiago |b Pearson Educación |c 2000 | ||
| 650 | 0 | |a Educación científica |9 307484 | |
| 650 | 7 | |a FISICA - METODOS DE ENSEÑANZA |2 CL-VaPUC |9 464428 | |
| 650 | 0 | |a Libros de texto |9 270019 | |
| 583 | |a last modification |c 20011109 00:00:00 |k Rodrigo Vera | ||
| 999 | |c 298222 |d 298220 | ||
| 952 | |0 0 |1 0 |4 0 |6 530_071200000000000_HEW_2000 |7 0 |8 A |9 353684 |a BIBEDU |b BIBEDU |d 2019-11-21 |i 3768732 |o 530.0712 HEW 2000 |p 3768732 |r 2019-11-21 |w 2019-11-21 |y BK |k BME | ||